000 00634nam a2200217Ia 4500
003 OSt
005 20230502142940.0
008 210423s2016 xx 000 0 und d
020 _a978-93-859-8502-7
040 _cAL
041 _aeng
082 _a302.2310954
_223
_bNARI
100 _aNARAYAN (Sunetra Sen);NARAYANAN (Shalini)
_996071
245 _aINDIA connected: mapping the impact of new media
260 _aNew Delhi
_bSage Publications
_c2016
300 _aix,292
_bHB
365 _b995
_cINR
650 _aSocial Interaction
_996072
906 _aconnected: ; impact ; INDIA ; mapping ; media ; new
942 _2ddc
_cBK
999 _c170660
_d170660